000 00630nam a2200241 a 4500
001 0001-1183
003 ELIB.Books
008 150511 2010 eng
020 _a9780802866455
035 _a(ELIB.Books)0001-1338
092 _a226.06
_bDun
100 _aDunn, James D. G.
245 _aJesus, Paul, and Gospels
260 _aGrand Rapids
_bWilliam B. Eerdmans Publishing Company
_c2011
300 _a201
_c23 Cm
500 _aC/o Moe Lwei
650 _aNew Testament
856 _nKBTS: Library
_uKBTS: Elib
942 _2ddc
_cBK
990 _a1
998 _cbat
_e2015-05-11
999 _c11183
_d11183